Sborník z 1. a 2. mezinárodní konference "Aktuální problémy cestovního ruchu" Evropská unie a cestovní ruch, 8. a 9. března 2006 : komunikace v cestovním ruchu, 14. a 15. března 2007
Sborníky příspěvků ze dvou ročníků konference pořádané Katedrou cestovního ruchu VŠP v Jihlavě. Doplněno o fotogalerie z obou konferencí
| Corporate Author: | Vysoká škola polytechnická Jihlava. Katedra cestovního ruchu |
|---|---|
| Other Authors: | Aktuální problémy cestovního ruchu (konference), Aktuální problémy cestovního ruchu (konference) |
| Language: | German Slovak Czech English |
| Published: |
Jihlava : Vysoká škola polytechnická, 2007 |
| Physical Description: |
1 CD-R : barev. + příloha [7 s.] |
| Language note: |
Část. anglický, německý a slovenský text |
| LEADER | 02157nmm a2200433 a 4500 | ||
|---|---|---|---|
| 001 | 000868664 | ||
| 003 | CZ BrMZK | ||
| 005 | 20110110084449.0 | ||
| 008 | 071003k20062007xr f d cze d | ||
| 020 | |a 978-80-87035-01-6 |q (CD-ROM) : |c Kč 55,00 | ||
| 040 | |a BOA001 |b cze | ||
| 040 | |a ABA001 |b cze | ||
| 041 | 0 | |a cze |a eng |a ger |a slo | |
| 072 | 7 | |a 338.3/.4 |x Hospodářská a výrobní odvětví |2 Konspekt |9 4 | |
| 080 | |a 338.48 |2 MRF | ||
| 080 | |a (062.534) |2 MRF | ||
| 080 | |a (0.034.44) |2 MRF | ||
| 245 | 0 | 0 | |a Sborník z 1. a 2. mezinárodní konference "Aktuální problémy cestovního ruchu" |h [elektronický zdroj] : |b Evropská unie a cestovní ruch, 8. a 9. března 2006 : komunikace v cestovním ruchu, 14. a 15. března 2007 |
| 246 | 3 | 0 | |a Aktuální problémy cestovního ruchu |
| 246 | 3 | 0 | |a Evropská unie a cestovní ruch |
| 246 | 3 | 0 | |a Komunikace v cestovním ruchu |
| 256 | |a Data (157 MB) | ||
| 260 | |a Jihlava : |b Vysoká škola polytechnická, |c 2007 | ||
| 300 | |a 1 CD-R : |b barev. + |e příloha [7 s.] | ||
| 500 | |a Název z titulní obrazovky | ||
| 500 | |a Vydáno za finanční podpory Dispozičního fondu Vysočiny | ||
| 520 | |a Sborníky příspěvků ze dvou ročníků konference pořádané Katedrou cestovního ruchu VŠP v Jihlavě. Doplněno o fotogalerie z obou konferencí | ||
| 538 | |a Požadavky na systém: internetový prohlížeč, Adobe Acrobat Reader, PowerPoint, prohlížeč obrázků (jpg) | ||
| 546 | |a Část. anglický, německý a slovenský text | ||
| 650 | 0 | 7 | |a cestovní ruch |7 ph119113 |2 czenas |
| 655 | 7 | |a sborníky konferencí |7 fd133333 |2 czenas | |
| 655 | 7 | |a CD-ROM |7 fd133955 |2 czenas | |
| 710 | 2 | |a Vysoká škola polytechnická Jihlava. |b Katedra cestovního ruchu | |
| 711 | 2 | |a Aktuální problémy cestovního ruchu (konference) |n (1. : |d 2006 : |c Jihlava, Česko) |7 kn20071031006 | |
| 711 | 2 | |a Aktuální problémy cestovního ruchu (konference) |n (2. : |d 2007 : |c Jihlava, Česko) |7 kn20071031007 | |
| 910 | 2 | |a BOA001 |b CDR2-1201.534 | |
| 990 | |a CF | ||
| 991 | |b 200804 | ||
| 996 | 6 | |b 2610339253 |c CDR2-1201.534 |l Stud. periodik/2.patro |r Sklad / do 1 hodiny |n 1 |p p.v. |w 000868664 |u 000010 |a 1 |e BOA001 |j MZK50 |s P | |
English
Čeština 